LEADER 02745nam 2200457 450 001 996418182803316 005 20210316131221.0 010 $a3-030-54946-1 024 7 $a10.1007/978-3-030-54946-6 035 $a(CKB)4100000011610072 035 $a(DE-He213)978-3-030-54946-6 035 $a(MiAaPQ)EBC6455848 035 $a(PPN)252507479 035 $a(EXLCZ)994100000011610072 100 $a20210316d2020 uy 0 101 0 $aeng 135 $aurnn|008mamaa 181 $ctxt$2rdacontent 182 $cc$2rdamedia 183 $acr$2rdacarrier 200 10$aArithmetic tales $eadvanced edition /$fOlivier Bordelle?s 205 $a2nd ed. 2020. 210 1$aCham, Switzerland :$cSpringer,$d[2020] 210 4$d©2020 215 $a1 online resource (XIX, 782 p. 8 illus., 5 illus. in color.) 225 1 $aUniversitext,$x0172-5939 311 $a3-030-54945-3 327 $a1 Basic Tools -- 2 Linear Diophantine Equations -- 3 Prime Numbers -- 4 Arithmetic Functions -- 5 Lattice Points -- 6 Exponential Sums -- 7 Algebraic Number Fields. Hints and Answers to Exercises -- Index. 330 $aThis textbook covers a wide array of topics in analytic and multiplicative number theory, suitable for graduate level courses. Extensively revised and extended, this Advanced Edition takes a deeper dive into the subject, with the elementary topics of the previous edition making way for a fuller treatment of more advanced topics. The core themes of the distribution of prime numbers, arithmetic functions, lattice points, exponential sums and number fields now contain many more details and additional topics. In addition to covering a range of classical and standard results, some recent work on a variety of topics is discussed in the book, including arithmetic functions of several variables, bounded gaps between prime numbers à la Yitang Zhang, Mordell's method for exponential sums over finite fields, the resonance method for the Riemann zeta function, the Hooley divisor function, and many others. Throughout the book, the emphasis is on explicit results. Assuming only familiarity with elementary number theory and analysis at an undergraduate level, this textbook provides an accessible gateway to a rich and active area of number theory. With an abundance of new topics and 50% more exercises, all with solutions, it is now an even better guide for independent study. 410 0$aUniversitext,$x0172-5939 606 $aNumber theory 615 0$aNumber theory. 676 $a512.7 700 $aBordelle?s$b Olivier$0517601 801 0$bMiAaPQ 801 1$bMiAaPQ 801 2$bMiAaPQ 906 $aBOOK 912 $a996418182803316 996 $aArithmetic tales$9848678 997 $aUNISA LEADER 01188nas 2200457-a 450 001 996205245103316 005 20240116223802.0 011 $a1090-266X 035 $a(OCoLC)36981565 035 $a(CKB)954922645025 035 $a(CONSER)sn-97004515- 035 $a(DE-599)ZDB1468947-9 035 $a(EXLCZ)99954922645025 100 $a19970529a19649999 s-- a 101 0 $aeng 135 $aurcnu|||||||| 181 $ctxt$2rdacontent 182 $cc$2rdamedia 183 $acr$2rdacarrier 200 10$aJournal of algebra 210 $aOrlando, Fla. $cAcademic Press 210 31$aNew York :$cElsevier Science 300 $aRefereed/Peer-reviewed 311 $a0021-8693 531 $aJ ALGEBRA 531 0 $aJ. algebra 531 0 $aJ. algebra 531 $aJ. ALGEBRA 606 $aAlgebra$vPeriodicals 606 $aAlge?bre$vPe?riodiques 606 $aAlgebra$2fast$3(OCoLC)fst00804885 608 $aPeriodicals.$2fast 615 0$aAlgebra 615 6$aAlge?bre 615 7$aAlgebra. 676 $a512 906 $aJOURNAL 912 $a996205245103316 996 $aJournal of algebra$9794042 997 $aUNISA 999 $aHealth Sciences